| 000 | 00731nam a2200241Ia 4500 | ||
|---|---|---|---|
| 003 | GCL | ||
| 008 | 140319s9999 xx 000 0 ara d | ||
| 020 | _a?448215977 | ||
| 040 |
_aGCL / _cGCL |
||
| 082 | 0 | 4 |
_a153.35 _bع ح |
| 100 | 1 | _aعبداللطيف محمد خليفة | |
| 245 | 1 | 0 |
_aالحدس والابداع / _cعبداللطيف محمد خليفة |
| 250 | _aالاولى | ||
| 260 |
_aالقاهرة : _bدار غريب للطباعة والنشر والتوزيع ، _c2000 |
||
| 300 |
_a190 ص ؛ _c24 سم |
||
| 650 | 0 | 4 | _aعلم النفس |
| 650 | 0 | 4 | _aالذكاء |
| 650 | 0 | 4 | _aالموهبة |
| 650 | 0 | 4 | _aالنبوغ |
| 650 | 0 | 4 | _aالعبقرية |
| 650 | 0 | 4 | _aالابداع |
| 942 |
_2ddc _cBK |
||
| 999 |
_c5964 _d5964 |
||